banner-ar

جار الله محمود بن عمر الزمخشرى : حياته وشعره / (Record no. 37826)

MARC details
000 -الفاتح
حقل البيانات ثابتة الطول 00528nam a2200145Ia 4500
008 - عناصر البيانات ثابتة الطول - معلومات عامة
حقل البيانات ثابتة الطول 140319s9999 xx 000 0 ara d
040 ## - مصدر الفهرسة
وكالة الفهرسة الأصلية GCL /
وكالة النسخ GCL
082 04 - رقم تصنيف ديوى العشرى
رقم التصنيف 811.72
رقم المادة ع ج
100 1# - المدخل الرئيسى - إسم شخصى
الإسم الشخصى عبدالستار ضيف
245 10 - بيان العنوان
العنوان جار الله محمود بن عمر الزمخشرى : حياته وشعره /
بيان المسئوليه,etc عبدالستار ضيف
700 1# - المدخل الاضافى - اسم شخصى
الإسم الشخصى الزمخشرى: جارالله ابوالقاسم محمود بن عمر بن محمد بن احمد الخورازمى
300 ## - الوصف المادى
التعداد 302 ص
490 ## - بيان السلسلة
عنوان السلسلة
Holdings
حالة التراجع حالة الفقد حالة تلف ليس للاعارة المكان المؤقت الموقع الحالى تاريخ الاكتساب اجمالي اﻻعارات رقم الطلب الباركود تاريخ اخر مشاهدة تاريخ تفعيل السعر نوع وعاء كوها
        مكتبة القاهرة الكبرى مكتبة القاهرة الكبرى 03/26/2014   811.72\ع ج 92344 03/26/2014 03/26/2014 كتاب
        مكتبة القاهرة الكبرى مكتبة القاهرة الكبرى 03/26/2014   811.72\ع ج 92345 03/26/2014 03/26/2014 كتاب
        مكتبة القاهرة الكبرى مكتبة القاهرة الكبرى 03/26/2014   811.72\ع ج 92346 03/26/2014 03/26/2014 كتاب
        مكتبة القاهرة الكبرى مكتبة القاهرة الكبرى 03/26/2014   811.72\ع ج 92347 03/26/2014 03/26/2014 كتاب

Powered By

EGPV